000 00674cam a22002411 4500
001 9800684
003 ARRUPE
005 20141219161611.0
008 740823s1954 xx 000 0 eng
010 _a 55036623
035 _a(OCoLC)988287
040 _aDLC
_cNRU
_dIU
_dDLC
042 _apremarc
050 0 0 _aDT434.E2
_bC35
100 1 _aCarothers, John Colin.
_913343
245 0 4 _aThe psychology of Mau Mau.
260 _aNairobi,
_b Govt. printer,
_c1954.
300 _a35 p.
_c25 cm.
500 _aAt head of title: Colony and Protectorate of Kenya.
610 2 0 _aMau Mau.
_95399
906 _a7
_bcbc
_coclcrpl
_du
_encip
_f19
_gy-gencatlg
942 _2lcc
_cSPC
999 _c121478
_d121478